00943nam a22002177a 4500003000900000008004100009040007100050082002300121110005500144245007200199260007200271300002800343440004400371505019400415541001500609650001300624650001200637700002300649700002800672700002500700AR-CdUCM190425b ||||| |||| 00| 0 spa d aMUNICIPALIDAD PROVINCIAL DEL CUSCOcBIBLIOTECA MUNICIPAL DEL CUSCO aEleconom/N°1/1979 aUniversidad Nacional de San Antonio Abad del Cusco aEl Economista /cDirección del Programa Académico de Economía aCusco :bDirección del Programa Académico de Economía,c1979. a36 páginas. :c29 cm. aEl Economista.nNúmero 1, año 1979 aContenido: Modelos matemáticos en economía. Francisco Valdez.-- Cuatro mitos sobre el hombre mundial. Frances Moore Lappe. -- El turismo es desarrollo en el Perú. Luis Alberto Paliza. aDonación aEconomia aTurismo aValdez, Francisco  aMoore Lappé, Frances  aPaliza, Luis Alberto